Distribution par images - Nicky Larson et le Parfum de Cupidon - Statistiques

Statistiques générales
  • Ce quiz a été pris 19 fois
  • Le résultat moyen est 6 sur 9
Statistiques - réponses
Par images Hint Réponse % Correct
Nicky Larson Philippe Lacheau
100%
Psychologue Gérard Jugnot
94%
Dominique Letellier Didier Bourdon
89%
Epouse de Gilbert Audrey Lamy
72%
Martine Chantal Ladesou
61%
Laura Marconi Elodie Fontan
61%
Poncho Tarek Boudali
56%
Gilbert Skippy Julien Arruti
50%
Tony Marconi Raphaël Personnaz
6%
Aucun quiz correspondant
Distribution des résultats
% des personnes avec chaque résultat
Percentile par nombre de réponses
Votre historique - résultats
Vous n’avez pas pris ce quiz